Gaming Quiz

Random Gaming or World Quiz

World of Warcraft by Category Quiz Stats

 Plays Quiz not verified by Sporcle

Score 0/87 Timer 10:00
0 Plays Today
% Correct
Stormwind City
93.5%
Human
92.8%
Orc
92%
Gnome
91.4%
Dwarf
90.6%
Night Elf
90.4%
Blood Elf
89.5%
Troll
89%
Tauren
88.9%
Zandali
88.9%
Undead
88.7%
Ironforge
87.7%
Goblin*
86%
Goblin*
85.9%
Orgrimmar
85.9%
Worgen*
85.6%
Worgen*
85.6%
Undercity
85.3%
Warrior
83.3%
Mage
83.2%
Hunter
82.6%
Paladin
82.3%
Draenei
82.3%
Warlock
82.2%
Priest
82.1%
Rogue
82.1%
Death Knight
82.1%
Draenei
82.1%
Thunder Bluff
82%
% Correct
Druid
81.4%
Darnassus
81.2%
Shaman
80.6%
Garrosh Hellscream*
76.8%
Silvermoon City
76.2%
Exodar
73%
Mining
63.2%
Blacksmithing
60.8%
King Varian Wrynn
59.9%
Orcish
59.7%
Herbalism
59.7%
Common
59.4%
Skinning
58.5%
Leatherworking
58.1%
Lady Sylvanas Windrunner
57.6%
Tailoring
56.7%
Fishing
56.6%
Alchemy
56.3%
Booty Bay
56.2%
Cooking
56.1%
First Aid
55.7%
Enchanting
55.3%
Jewelcrafting
53.9%
Inscription
52.6%
Engineering
50.2%
Cairne Bloodhoof
49%
King Magni Bronzebeard
46.8%
Ratchet
46.1%
Vol'jin
45.4%
% Correct
Gadgetzan
44.5%
Dwarven
38.7%
Tyrande Whisperwind
38.1%
Gnomish
36.9%
King Genn Greymane*
34%
Everlook
31.3%
Gutterspeak
30.1%
High Tinkerer Gelbin Mekkatorque
26.5%
Archeology*
24.8%
Darnassian
24.7%
Trade Prince Gallywix*
24.3%
Lor'themar Theron
22.5%
Valley of Trials
20.8%
Thalassian
20.2%
Taur-ahe
15.3%
Echo Isles*
14.1%
Deathknell
13.6%
Northshire Valley
11.9%
Kezan*
11.8%
Coldridge Valley
10.4%
Prophet Valen
9.9%
Gilneas City*
8.8%
Shadow Glen
8.2%
Sunstrider Isle
7.9%
Ammen Vale
6.8%
Mudsprocket
4.4%
Red Cloud Mesa
3.8%
Steamwheedle Port
2.1%
Train Depot*
0.3%

You're not logged in!

Compare scores with friends on all Sporcle quizzes.
OR
Log In

Show Comments

Extras

Top Quizzes Today


Score Distribution

Your Account Isn't Verified!

In order to create a playlist on Sporcle, you need to verify the email address you used during registration. Go to your Sporcle Settings to finish the process.

Report this User

Report this user for behavior that violates our Community Guidelines.

Details: